Výdavky, ktoré sú daňovými výdavkami až po zaplatení

S účinnosťou od 1. januára 2015 sa v § 17 ods. 19 zákona č. 595/2003 Z. z. o dani z príjmov v z. n. p. uviedli špeciálne druhy výdavkov daňovníka, ktoré sú uznanými daňovými výdavkami až po zaplatení a v niektorých prípadoch aj po splnení ďalších zákonom určených podmienok. Práve tá skutočnosť, že...

Full description

Saved in:
Bibliographic Details
Main Author: Brnová, Miroslava
Format: Book Chapter
Language:Slovak
Subjects:
Tags: Add Tag
No Tags, Be the first to tag this record!

MARC

LEADER 00000naa a2200000 4500
001 0246966
005 20180815084229.7
041 0 |a slo 
044 |a SK 
245 1 0 |a Výdavky, ktoré sú daňovými výdavkami až po zaplatení  |c Miroslava Brnová 
520 |a S účinnosťou od 1. januára 2015 sa v § 17 ods. 19 zákona č. 595/2003 Z. z. o dani z príjmov v z. n. p. uviedli špeciálne druhy výdavkov daňovníka, ktoré sú uznanými daňovými výdavkami až po zaplatení a v niektorých prípadoch aj po splnení ďalších zákonom určených podmienok. Práve tá skutočnosť, že okrem podmienky zaplatenia sú určené aj iné podmienky, ktoré musí daňovník splniť pre ich uplatnenie do daňových výdavkov, sa predmetné ustanovenie aplikuje aj pre daňovníkov vedúcich daňovú evidenciu alebo účtujúcich v sústave jednoduchého účtovníctva aj keď z charakteru tohto spôsobu preukazovania výdavkov vyplýva automaticky, že ide o zaplatené výdavky. Ilustračné príklady. 
610 2 0 |a dane z príjmov 
610 2 0 |a novelizácia 
610 2 0 |a Slovensko 
610 2 0 |a výdavky daňové 
610 2 0 |a zákony 
100 1 |a Brnová, Miroslava